000 01480cam a22004334i 4500
003 PE-LiUPU
005 20250731173148.0
008 150623s2004 ag a r 000 0 spa d
020 _a9879824865
035 _a(Sirsi) i9789879824863
040 _aPE-LiUPU
_bspa
_cPE-LiUPU
_erda
049 _aPRUA
082 0 4 _a222.1066
_bK62
_221
100 1 _aKlingbeil, Gerald A.,
_eautor.
245 1 0 _aInicios, paradigmas y fundamentos :
_bestudios teológicos y exegéticos en el pentateuco /
_cGerald A. Klingbeil.
264 1 _aLibertador San Martín, Entre Rios, Argentina :
_bEditorial Universidad Adventista del Plata,
_c2004.
300 _a264 páginas :
_bilustraciones, gráficos ;
_c22 centímetros
336 _atext
_2rdacontent
337 _aunmediated
_2rdamedia
338 _avolume
_2rdacarrier
505 0 _aPentateuco y metodología. - Pentateuco y exégesis. - Pentateuco y teología.
526 _aSEG42
526 _aSEG41
526 _aSEG40
526 _aSEG39
526 _aP94
526 _aP87
526 _aP86
526 _aP85
526 _aP77
526 _aP76
526 _aP35
630 _aBiblia.
_pA.T.
_pPentateuco
_xCrítica, interpretación, etc.
942 _2ddc
_cBK
999 _c35326
_d35326
980 _81
_gALBERTO SANCHEZ Responsable de Automatización